NHL teams quiz - Statistics

General Stats
  • This quiz has been taken 20 times
  • The average score is 29 of 32
Answer Stats
Hint Answer % Correct
CO Avalanche
100%
IL Blackhawks
92%
OH Blue Jackets
92%
Canada Candiens
92%
Canada Canucks
92%
DC Capitals
92%
AZ Coyotes
92%
NJ Devils
92%
CA Ducks
92%
Canada Flames
92%
NC Hurricanes
92%
NY Islanders
92%
CA Kings
92%
WA Kraken
92%
FL Lightning
92%
Canada Maple Leaves
92%
Canada Oilers
92%
FL Panthers
92%
PA Penguins
92%
NY Rangers
92%
NY Sabres
92%
Canada Senators
92%
CA Sharks
92%
TX Stars
92%
MN Wild
92%
MO Blues
85%
PA Flyers
85%
NV Golden Knights
85%
Canada Jets
85%
TN Predators
85%
MS Bruins
77%
MI Red Wings
77%
No matching quizzes found
Score Distribution
Percent of People with Each Score
Percentile by Number Answered
Your Score History
You have not taken this quiz